| 000 | 01098nam a22002177a 4500 | ||
|---|---|---|---|
| 005 | 20260209103549.0 | ||
| 010 | _aHIN-131056 | ||
| 020 |
_a9789364446563 _c380.00 |
||
| 035 | _aHN-103402 | ||
| 037 | _bDBAD | ||
| 082 | _a303.64 | ||
| 100 |
_aअशोक कुमार _987204 |
||
| 245 |
_aभारत की अंतरिम सुरक्षा की मुख्य चुनोंतियाँ/ _cअशोक कुमार [एवं ] विपुल अनेकांत |
||
| 250 | _a7 | ||
| 260 |
_aचेन्नई _bमैकग्रा हिल एजुकेशन (इंडिया) प्राइवेट लिमिटेड _c2026 |
||
| 270 |
_aअंजना काम्प्लेक्स नं:5/90 A, बट रोड, संत थॉमस माउंट _bचेन्नई _e600016 _msupport.india@mheducation.com |
||
| 300 |
_a358पृ. _c23सेमी (अजिल्द) _bसचित्र |
||
| 700 |
_aविपुल अनेकांत _987205 |
||
| 942 |
_2ddc _cHN _h303.64 _mअशोक |
||
| 999 |
_c214733 _d214733 |
||